| 000 | 00449nam a22001457a 4500 | ||
|---|---|---|---|
| 005 | 20250422071801.0 | ||
| 008 | 250422b |||||||| |||| 00| 0 eng d | ||
| 020 | _a9789551810085 | ||
| 082 |
_a6913 _bILL _222 |
||
| 245 |
_aIllangaiyil Uyarkalvi: _b Palkalaikalaga Kalviyin Varalarchchium Pirachanakalum |
||
| 260 |
_aColombo _bChemamadu Pathippakam _c2009 |
||
| 300 | _a112 p ., | ||
| 500 | _aKalviyin Valarchium Prachanaikalum Patriyathu | ||
| 942 | _cL | ||
| 999 |
_c6023 _d6023 |
||